[Event "Oslo CC-chB"]
[Site "Oslo"]
[Date "2018.10.25"]
[Round "6"]
[White "Myklebust, Johnny"]
[Black "Foss, Roger"]
[Result "1-0"]
[WhiteElo "1306"]
[BlackElo "1398"]
[PlyCount "67"]
[EventDate "2018.09.06"]
[EventType "swiss"]
[EventRounds "9"]
[EventCountry "NOR"]
[SourceTitle "EXT 2024"]
[Source "ChessBase"]
[SourceDate "2023.10.10"]
[SourceVersion "1"]
[SourceVersionDate "2023.10.10"]
[SourceQuality "1"]

1. d4 d5 2. c4 dxc4 3. Nc3 Nf6 4. e3 e5 5. Qa4+ Nc6 6. dxe5 Nd5 7. Nxd5 Qxd5 8. Qd1 Qxd1+ 9. Kxd1 Nxe5 10. Nf3 Bg4 11. Ke1 Nxf3+ 12. gxf3 Bxf3 13. Rg1 Rd8 14. Bd2 Bd5 15. Rc1 b5 16. a4 c6 17. axb5 cxb5 18. Ra1 Ra8 19. Rg5 Bc6 20. Ra6 f6 21. Bg2 Bxg2 22. Rxg2 Kf7 23. Ra5 a6 24. Ke2 Bd6 25. Rg1 Rhc8 26. Rga1 Rc6 27. Rxb5 Bxh2 28. f4 Bg3 29. Rb7+ Kg8 30. Rg1 Bxf4 31. Rgxg7+ Kf8 32. Rxh7 Rc7 33. Rbxc7 Bxc7 34. Rh8+ 1-0

[Event "Oslo CC-chB"]
[Site "Oslo"]
[Date "2018.10.14"]
[Round "4"]
[White "Myklebust, Johnny"]
[Black "Eriksen, Dagfinn"]
[Result "0-1"]
[WhiteElo "1306"]
[BlackElo "1693"]
[PlyCount "56"]
[EventDate "2018.09.06"]
[EventType "swiss"]
[EventRounds "9"]
[EventCountry "NOR"]
[SourceTitle "EXT 2024"]
[Source "ChessBase"]
[SourceDate "2023.10.10"]
[SourceVersion "1"]
[SourceVersionDate "2023.10.10"]
[SourceQuality "1"]

1. e4 e5 2. Nf3 Nc6 3. Bb5 a6 4. Bxc6 bxc6 5. Nc3 d6 6. d3 Bg4 7. h3 Bh5 8. 0-0 Be7 9. Be3 Nf6 10. d4 exd4 11. Bxd4 0-0 12. Qd3 d5 13. exd5 Bg6 14. Qd1 Nxd5 15. Ne5 Nxc3 16. Bxc3 Qxd1 17. Raxd1 Bxc2 18. Rd2 Ba4 19. b3 Bb5 20. Re1 Ba3 21. Rd7 f6 22. Nf3 Bd6 23. a4 Bd3 24. g4 Bg6 25. Nd4 Be8 26. Rxd6 cxd6 27. Ne6 Rf7 28. Bxf6 gxf6 0-1